Bairros do Cabo em um mapa - Statistics

Estatísticas Gerais
  • Esse quiz foi jogado 26 vezes
  • A pontuação média é 10 de 24
Respostas no mapa
Respostas codificadas por cores de uma escala verde-vermelha no mapa do quiz de acordo com a % correta abaixo.
 
Estatísticas das Respostas
Bairro % Correto
Paiva
86%
Charneca
71%
Cohab
71%
Enseada dos Corais
71%
Gaibu
71%
Ponte dos Carvalhos
71%
Suape
71%
Centro
57%
Charnequinha
43%
Pontezinha
43%
Destilaria
29%
Distrito Industrial Diper
29%
Engenho Ilha
29%
Garapu
29%
Pirapama
29%
Santo Inácio
29%
São Francisco
29%
Vila Social Contra Mocambo
29%
Bom Conselho
14%
Distrito Industrial Santo Estevão
14%
Juçaral
14%
Malaquias
14%
Rosário
14%
Itapoama
0%
Nenhum quiz correspondente encontrado
Distribuição das Pontuações
Porcentagem de Pessoas com Cada Pontuação
Percentil de Números Respondidos
Sua Pontuação Histórica
Você não jogou esse quiz